000 00342nam a2200145Ia 4500
005 20250325041244.0
008 240331s9999 xx 000 0 und d
082 _bMAN
_a894
100 _aManisekaran,S
245 0 _aKandari
260 _aChennai
_bKangai Book shop
_c1997
300 _a215 p .,
500 _aSarithira Sirukadhai
942 _cL
999 _c4043
_d4043